000 00588nam a22002177a 4500
003 UA-OsUOA
001 41762
007 ta
008 20061011b un ||||| |||| 00| 0 ukr d
100 _aФаріон І.
090 _a82
_bФ-11
942 _cSA
040 _aUA-OsUOA
_bukr
_cUA-OsUOA
_dUA-OsUOA
245 _aФранкова візія історії української мови (ХІ-ХVІІ ст.)
300 _aС.35-40
955 _a0
041 _aukr
080 _a82
773 0 _w41761
650 7 _a82 Література. Літературознавство
_2UDC
999 _c327906
_d327906